Desarrollo e implementación de actividades conducentes a la ordenación de zoocría en el país (Registro nro. 7097)

Detalles MARC
000 -CABECERA
Campo de control 00702nam a2200193 a 4500
090 ## - CLASIFICACIÓN LOCAL
Colección IAVH
Consecutivo 01374
041 ## - IDIOMA
Código de idioma para texto/pista de sonido o título separado Español
100 ## - ASIENTO PRINCIPAL--NOMBRE PERSONAL
Nombre personal Rivera Brusatin, Adriana
245 ## - MENCION DE TITULO
Título Desarrollo e implementación de actividades conducentes a la ordenación de zoocría en el país
Parte restante del título fortalecimiento de la autoridad científica CITES de Colombia
260 ## - PUBLICACION, DISTRIBUCION, ETC. (PIE DE IMPRENTA)
Lugar de publicación, distribución, etc. Bogotá
Nombre del editor, distribuidor, etc. IAVH
Fecha de publicación, distribución, etc. 2009
300 ## - DESCRIPCION FISICA
Extensión 209 p.
650 ## - ASIENTO SECUNDARIO DE MATERIA - TERMINO TEMATICO
Término temático o nombre geográfico como elemento de entrada Zoocría
650 ## - ASIENTO SECUNDARIO DE MATERIA - TERMINO TEMATICO
Término temático o nombre geográfico como elemento de entrada Reproducción en cautiverio
650 ## - ASIENTO SECUNDARIO DE MATERIA - TERMINO TEMATICO
Término temático o nombre geográfico como elemento de entrada Comercio internacional
650 ## - ASIENTO SECUNDARIO DE MATERIA - TERMINO TEMATICO
Término temático o nombre geográfico como elemento de entrada Zoocriaderos
650 ## - ASIENTO SECUNDARIO DE MATERIA - TERMINO TEMATICO
Término temático o nombre geográfico como elemento de entrada Conservación de especies
700 ## - ASIENTO SECUNDARIO - NOMBRE PERSONAL
Nombre personal Ramírez Martínez, Natalia María
700 ## - ASIENTO SECUNDARIO - NOMBRE PERSONAL
Nombre personal Diavanera Tovar, Andrés

No hay ítems disponibles.